| Registos Bibliográficos associados ao registo de autoridade |
|
Etiqueta de registo: 00000nam 2200025 450 001 2281311 003 http://id.bnportugal.gov.pt/bib/catbnp/2281311 100 ## $a20260318d2025 k y0pory01030103ba 101 0# $aeng$dpor 102 ## $aPT 105 ## $aa m 000yy 106 ## $ar 200 1# $aExperimental characterization of microvascular flows with defocus particle tracking
and machine learning integration$fGonçalo Nuno Ferreira de Moura Coutinho$gsupervisor Ana Sofia Oliveira Henriques Moita, António Luís Nobre Moreira, Massimiliano
Rossi 210 #9 $aLisboa$c[s.n.],$d2025 215 ## $aXXXVI, 112 p.$cil.$d30 cm 328 #1 $aTese dout. Mechanical Engineering, Instituto Superior Técnico, Universidade de Lisboa,
2025 675 ## $a004.85(043)$vBN$zpor$31239009 675 ## $a616-073(043)$vBN$zpor$31245821 700 #1 $aCoutinho,$bGonçalo Nuno Ferreira de Moura$31992113 702 #1 $aMoita,$bAna Sofia Oliveira Henriques$4727$31194884 702 #1 $aMoreira,$bAntónio Luís Nobre$4727$347036 702 #1 $92$aRossi,$bMassimiliano$4727$31992126 801 #0 $aPT$bBN$gRPC 966 ## $lBN$mFGMON$sP. 72527 V.$x1 971 ## $corlando$d20260318 972 ## $e0$z0$d20260416$vlrevez 973 ## $cigoulao$d20260413
|
|
|